01967agaaa2200289 45000010005000000030009000050050017000140070009000310080040000400400023000800410012001031000045001151300010001602450159001702500022003292600119003513000034004705080158005045110089006625200657007515380016014085460012014246500066014367000057015027000056015597000062016155948IT-RoPAU20220918181254.0d cvaizq50131s9999||||xx ||| | || ||und|| aIT-RoPAUcIT-RoPAU aINGLESE aParker AlangCodice regista SPICS: 11231 aEVITA aEVITAcProdotto da: Parker A. Vajna A. -- Sceneggiatura: Parker Alan Stone Oliver -- Diretto da: Parker AlanpEVITA (Rif. Codice opera principale : H5948) aEdizione Standard a(USA)bCINERGI PICTURES ENTERTAINMENT / Distribuzione: MEDIAWORLDg"1996 (1° ed.: 2005 ; Ed. Lingua Orig.: 1996)" aDVDbsonoro, col.c135 minuti a"Fotografia: Kondji Darius; Montaggio: Hambling Gerry; Musica: Webber Andrew Lloyd; Sceneggiatura: Parker Alan Stone Oliver; Scenografia: Morris Brian; " a"Madonna; Banderas Antoni; Pryce Jonathan; Nail Jimmy; Sus Victoria; Littman Julian" a"NATA IN UNO SPERDUTO VILLAGGIO DELLA PROVINCIA ARGENTINA, EVA DUARTE RIESCE A PASSARE, CON UN'ASCESA VERTIGINOSA, DA UNA CONDIZIONE DI ESTREMA POVERTA' AI VERTICI DEL POTERE. FIGLIA DI UNA CUOCA E DI UN PROPRIETARIO TERRIEROCHE NON VOLLE MAI RICONOSCERLA , RAGGIUNGE PRESTO IL SUCCESSO COME ATTRICERADIOFONICA. FREQUENTA AMBIENTI SOCIALI IMPORTANTI, RIVELANDOSI ABILE E SCALTRA; UNA SCALATA SOCIALE CHE CULMINA NELL'INCONTRO CON IL PRESIDENTE JUANDOMINGO PERON. EVA DIVENTA EVITA, EROINA DI TUTTI I POVERI E GLI OPPRESSI E UNA DELLE DONNE PIU' AMATE DELLA STORIA. CONTENUTI SPECIALI: BIOGRAFIA E FILMOGRAFIA DEL REGISTA E DEGLI INTERPRETI PRINCIPALI." aPAL, STEREO aINGLESE aDRAMMA - MUSICALEeDVD-FILM [DVD]xCodice MATERIA SPICS: 9947 aParker Alan e(regista)gCodice regista SPICS: 11231 aRice Tim e(soggetto)gCodice Soggetto SPICS: 11116 aWebber Andrew Lloyde(musica)gCodice Musica SPICS: 11199